000
00270nam a2200109Ia 4500
008
200302s9999 xx 000 0 und d
100
_a
Carla Rose
245
_a
Teach Yourself Photoshop 4 in 24 Hours
260
_b
Techmedia Publishing
260
_c
1997
300
_a
366 P.,
999
_c
1099
_d
1099